| Tag |
First Indicator |
Second Indicator |
Subfields |
| LEADER |
00000cam a2200000I 4500 |
| 001 |
in00000022696 |
| 005 |
20151007064112.0 |
| 008 |
750324s1941 nyu 000 0 eng d |
| 035 |
|
|
|a (OCoLC)ocm01231553
|
| 035 |
|
|
|a (OCoLC)01231553
|
| 035 |
|
|
|9 AAD9054AM
|
| 040 |
|
|
|a YMM
|c YMM
|d OCL
|d GZM
|d UtOrBLW
|
| 049 |
|
|
|a TXAM
|
| 082 |
0 |
|
|a 812.5
|
| 090 |
|
|
|a PS3511.E46
|b S8 1941
|
| 100 |
1 |
|
|a Ferber, Edna,
|d 1887-1968.
|
| 245 |
1 |
0 |
|a Stage door :
|b a play in three acts /
|c by Edna Ferber and George S. Kaufman.
|
| 264 |
|
1 |
|a [New York] :
|b Dramatists Play Service inc.,
|c [1941]
|
| 264 |
|
4 |
|c [©1941]
|
| 300 |
|
|
|a 105 pages :
|b frontispiece, plates, diagrams
|
| 336 |
|
|
|a text
|b txt
|2 rdacontent
|
| 337 |
|
|
|a unmediated
|b n
|2 rdamedia
|
| 338 |
|
|
|a volume
|b nc
|2 rdacarrier
|
| 700 |
1 |
|
|a Kaufman, George S.
|q (George Simon),
|d 1889-1961,
|e author.
|
| 994 |
|
|
|a E0
|b TXA
|
| 999 |
|
|
|a MARS
|
| 999 |
f |
f |
|s eeac2c3a-3340-3cd9-a652-cfdd721c349c
|i 8b355f07-6898-3c6a-b7b3-d12bcfdd4084
|t 0
|
| 952 |
f |
f |
|p ric
|a Texas A&M University
|b Rellis Campus
|c Joint Library Facility
|d Remote Storage
|t 0
|e PS3511.E46 S8 1941
|h Library of Congress classification
|i unmediated -- volume
|m A14801224060
|
| 998 |
f |
f |
|a PS3511.E46 S8 1941
|t 0
|l Remote Storage
|